000 00442nam a2200181Ia 4500
005 20240823010320.0
008 240823s9999||||xx |||||||||||||| ||und||
041 _aENGLISH
082 _A332.6 N9
100 _aAvadhani V A
245 0 _aInvestment and Securities Markets in India
250 _a4th
260 _c1999
_b"Himalaya,Mumbai"
500 _aYES
650 _aManagement
_bManagement Studies
942 _cBK
999 _c158262
_d158262